Представление документа в формате MARC21

Поле Инд. ПП Название Значение
Тип записи a
Библиографический уровень b
001 Контрольный номер RU/IS/BASE/170870848
005 Дата корректировки 20200609191242.3
084 a Индекс другой классификации/Индекс ББК 65.9(2Рос)-18к94
100 1_ a Автор Белоусов А. Р.
q Полное имя Белоусов Андрей Рэмович
245 a Заглавие Эффективный экономический рост в 2001-2010: условия и ограничения
504 a Библиография Лит. в конце статьи. - Примеч.
520 a Аннотация "Исследуются перспективы развития российской экономики в 2001-2010, рассматриваются основные проблемные узлы, ограничивающие экономическую динамику, сценарий инерционного развития, а также возможность и условия выхода на траекторию динамичного экономического роста."
650 a Основная рубрика экономика
653 a Ключевые слова макроэкономическая политика
a Ключевые слова Россия
a Ключевые слова социально-экономическая политика
a Ключевые слова социально-экономическое развитие
a Ключевые слова среднесрочное прогнозирование
a Ключевые слова экономический рост
a Ключевые слова экономическое прогнозирование
773 t Заглавие источника Проблемы прогнозирования
d Дата издания источника 2001
g Прочая информация № 1. - С. 27 - 45 : 12 табл.
w Контрольный № источника RU/IS/BASE/142087785
901 t Тип документа b